000 00536nam a2200145 a 4500
001 000030071
005 20200930060023.0
008 110428s2004 dr a r 000 0 spa d
040 _aDO-SdBNP
_bspa
_cBNPHU
082 _axxxx
_bR426d
110 1 _aRepública Dominicana
_bOficina de Ingenieros Supervisores de Obras del Estado
_936723
245 1 0 _aDesarrollo y fortalecimiento de una consultoría jurídica.
260 _aSanto Domingo :
_bOficina de Ingenieros Supervisores de Obras del Estado,
_c2004.
300 _a36 p. :
_bil. ;
_c28 cm.
999 _c29563
_d29563